LEADER 01001nam a2200205 i 4500 001 000000232861 003 CaOOAMICUS 005 20140908000000.0 008 140908s1926 it u000 u lat u 013 $a211764 040 $aSeMil$bita 100 1 $aOudenrijn, Marc-Antoine : van den,$c.$0(OLS)http://semarc/name/31091 245 13$aDe prophetiae charismate in populo israelitico :$bLibri quattuor. Praelectiones exegetico-dogmaticae, quas romae habebat /$cMarcus-Antonius van den Oudenrijn. 260 $aRoma :$bTipografia A. Befani,$c1926. 300 $aXXIV, 410 p. ;$c28 cm. 650 4$aIsraele.$0(OLS)http://semarc/subject/8565 850 $aSeMil 852 $aSeMil$W1$xVenegono$y1$m2V VI 37$j270179$B183207$CSeMilBibl$Z2$F194126 $81 996 $6245$aDe prophetiae charismate in populo israelitico :$bLibri quattuor. Praelectiones exegetico-dogmaticae, quas romae habebat$9(OLS)http://semarc/title/332242 996 $6260$aRoma :$bTipografia A. Befani$9(OLS)http://semarc/publisher/30359 LEADER 00917nam a2200229 i 4500 001 000000074003 003 CaOOAMICUS 005 20070402000000.0 008 070402s1923 it u000 u ita u 013 $a45175 040 $aSeMil$bita 100 1 $aGentile, Panfilo.$0(OLS)http://semarc/name/36729 245 10$aSommario d'una filosofia della religione /$cPanfilo Gentile. 260 $aBari :$bLaterza & Figli,$c1923. 300 $a239 p. ;$c21 cm. 490 0 $aBiblioteca di cultura moderna ;$vVol. 650 4$aFilosofia della religione.$0(OLS)http://semarc/subject/504 830 0$aBiblioteca di cultura moderna ;$vVol.$0(OLS)http://semarc/title/639 850 $aSeMil 852 $aSeMil$W1$xVenegono$y1$B40155$CSeMilBibl$Z2$F40159 $81 996 $6245$aSommario d'una filosofia della religione$9(OLS)http://semarc/title/120062 996 $6260$aBari :$bLaterza & Figli$9(OLS)http://semarc/publisher/29663